| 000 | 00466nam a2200157 a 4500 | ||
|---|---|---|---|
| 001 | 000031805 | ||
| 005 | 20200930063208.0 | ||
| 008 | 110706s2008 dr 000 0 spa d | ||
| 040 |
_aDO-SdBNP _bspa _cBNPHU |
||
| 082 | _aA742h | ||
| 100 | 1 |
_aArnaiz, Francisco José _96960 |
|
| 245 | 1 | 0 |
_aHomilía en el Te Deum del 16 de agosto de 2008 / _cFrancisco José Arnaíz. |
| 260 |
_aSanto Domingo : _bamigo del hogar, _c2008. |
||
| 300 |
_a21 p. ; _c21 cm. |
||
| 049 | _aBNPD | ||
| 999 |
_c31297 _d31297 |
||